| 000 | 00441nam a2200169 a 4500 | ||
|---|---|---|---|
| 001 | 0000-9363 | ||
| 003 | ELIB.Books | ||
| 008 | 110520 1993 | ||
| 035 | _a(ELIB.Books)0000-9515 | ||
| 082 |
_a225.92 _bBro |
||
| 100 | _aBrownrigg, Ronald | ||
| 245 | _aWho' who in the New Testament | ||
| 260 |
_bNew York: Oxford University Press _c1993 |
||
| 650 | _aNew Testament | ||
| 942 |
_2ddc _cBK |
||
| 998 |
_cbat _e2011-05-20 |
||
| 999 |
_c9363 _d9363 |
||